Semi-Answers - Statistics

General Stats
  • This quiz has been taken 18 times
  • The average score is 8 of 20
Answer Stats
Hint Answer % Correct
Half of a circle split evenly on the middle semicircle
82%
Combination between a colon and a comma, used to list things with a pause semicolon
82%
The round that happens before finals in a tournament semifinal
82%
Conference or other meeting for discussion or training seminar
82%
When something happens twice a year semiannual
71%
Material with electrical conductivity between that of a conductor and an insulator semiconductor
65%
A sticky substance that can move, like lava or glue semisolid
53%
Large truck with an even larger trailer used to haul large amounts of goods semitruck
47%
Substance in between the phases of a solid and a liquid semiliquid
35%
Member of any of the peoples who speak or spoke a Semitic language semite
35%
Climate of an area that gets little rainfall, typically 10-20 inches a year semiarid
29%
Type of paint that dries into a moderately glossy shine semigloss
29%
College that trains students to be priests, rabbis, or ministers seminary
24%
The study of signs and symbols and their use or interpretation semiology
24%
Allowing only some substances to pass through it semipermeable
18%
Musical note which has a time value of 1/16th of a whole note semiquaver
12%
Smallest interval in Western music, is 1/12th of an octave and half of a tone semitone
12%
Property of DNA where it is made up of one new and one old strand semi-conservative
6%
Golden-skinned grape used to make dry and sweet white wines in France semillons
0%
Postage stamp sold more expensive but a portion of the money goes to a good cause semipostal
0%
No matching quizzes found
Score Distribution
Percent of People with Each Score
Percentile by Number Answered
Your Score History
You have not taken this quiz